| 000 | 00574nam a2200205 a 4500 | ||
|---|---|---|---|
| 005 | 20240910063909.0 | ||
| 008 | 090205s2004 mx r 000 0 spa d | ||
| 020 | _a8489804737 | ||
| 035 | _aUPN01000168849 | ||
| 049 | _aCG | ||
| 050 | 4 |
_aPT2661 N5 _bS2.2 |
|
| 100 | 1 | _aAni, Friedrich | |
| 245 | 1 | 3 |
_aEl sabor de la luz / _cFriedrich Ani ; tr. Nuria G. Santos. |
| 260 |
_aSalamanca, Esp. : _bLóguez, _c2004. |
||
| 300 | _a203 p. | ||
| 440 | 3 | _aLa joven colección | |
| 650 | 4 |
_aNovela alemana _911856 |
|
| 650 | 4 |
_aLiteratura juvenil alemana _912357 |
|
| 905 | _aLibro | ||
| 999 |
_c140955 _d140955 |
||